000 00677nam a2200277Ia 4500
005 20260324120130.0
008 008 260324s9999 xx 000 0 eng d
020 _a9780429106330
037 _aEBOOK
040 _aCRL
040 _beng
040 _cCRL
041 _2eng
041 _aeng
084 _qCRL
100 _aClarence Ronald Geyer; Sachdev S. Sidhu
_91157364
245 0 _aPhage Display In Biotechnology and Drug Discovery
260 _bTaylor and Francis
260 _c2015
365 _a
365 _b435
856 _uhttp://www.taylorfrancis.com/books/9780429106330
942 _cEBOOK
999 _c1748716
_d1748716